Welcome to CU Library Online Public Access Catalogue (OPAC)

Human resource management (Record no. 5837)

MARC details
000 -LEADER
fixed length control field 00395nam a22001577a 4500
005 - DATE AND TIME OF LATEST TRANSACTION
control field 20250519100832.0
008 - FIXED-LENGTH DATA ELEMENTS--GENERAL INFORMATION
fixed length control field 250519b |||||||| |||| 00| 0 eng d
020 ## - INTERNATIONAL STANDARD BOOK NUMBER
International Standard Book Number 9780071267700
050 ## - LIBRARY OF CONGRESS CALL NUMBER
Classification number HF5549
Item number .188 IVA
100 ## - MAIN ENTRY--PERSONAL NAME
Personal name Ivancevich, John M.
245 ## - TITLE STATEMENT
Title Human resource management
250 ## - EDITION STATEMENT
Edition statement 11th
260 ## - PUBLICATION, DISTRIBUTION, ETC.
Place of publication, distribution, etc. Boston
Name of publisher, distributor, etc. McGraw-Hall
Date of publication, distribution, etc. c2010
300 ## - PHYSICAL DESCRIPTION
Extent xviii, 636p
942 ## - ADDED ENTRY ELEMENTS (KOHA)
Source of classification or shelving scheme Library of Congress Classification
Koha item type Books
Suppress in OPAC No
999 ## -
-- 5837
-- 5837
Holdings
Withdrawn status Lost status Source of classification or shelving scheme Damaged status Not for loan Collection Home library Current library Shelving location Date acquired Total checkouts Full call number Barcode Date last seen Copy number Price effective from Koha item type
    Library of Congress Classification     Non-fiction Undergraduate Library (Christ Temple) Undergraduate Library (Christ Temple) General stacks 05/19/2025   HF5549.188 IVA ulct00002473 05/19/2025 1 05/19/2025 Books
© 2023-2024 Copyright: Central University Libraries. All Rights Reserved | Created by: Mahone Tech Office